Southville International School and Colleges
Your cart is empty.
  • Cart
  • Lists
    Public lists Eva Luna New books Lux_list list_1
    Your lists Log in to create your own lists
  • Log in to your account
  • Your cookies
  • Search history
Southville International School and Colleges
  • Advanced search
  • Recent comments
  • Most popular
  • Libraries

Log in to your account

Log in with GOOGLE


If you do not have an external account, but do have a local account, you can still log in:

  1. Home
  2. MARC view: The right way :
Normal view MARC view ISBD view

The right way : (Record no. 340024)

[ view plain ]
MARC details
000 -LEADER
fixed length control field 00720nam a2200265Ia 4500
008 - FIXED-LENGTH DATA ELEMENTS--GENERAL INFORMATION
fixed length control field 170711s9999 xx 000 0 und d
020 ## - INTERNATIONAL STANDARD BOOK NUMBER
International Standard Book Number 9780715325483
050 ## - LIBRARY OF CONGRESS CALL NUMBER
Classification number 390
050 ## - LIBRARY OF CONGRESS CALL NUMBER
Item number M478 2008
100 ## - MAIN ENTRY--PERSONAL NAME
Personal name McCutcheon, Lauren
245 #4 - TITLE STATEMENT
Title The right way :
245 ## - TITLE STATEMENT
Remainder of title navigate the minefield of modern manners /
245 ## - TITLE STATEMENT
Statement of responsibility, etc by Lauren McCutcheon ; introduction by AJ Jacobs.
260 ## - PUBLICATION, DISTRIBUTION, ETC. (IMPRINT)
Place of publication, distribution, etc Cincinnati, Ohio :
260 ## - PUBLICATION, DISTRIBUTION, ETC. (IMPRINT)
Name of publisher, distributor, etc David & Charles,
260 ## - PUBLICATION, DISTRIBUTION, ETC. (IMPRINT)
Date of publication, distribution, etc 2006
300 ## - PHYSICAL DESCRIPTION
Extent 127 pages :
300 ## - PHYSICAL DESCRIPTION
Other physical details illustrations (some colored) ;
300 ## - PHYSICAL DESCRIPTION
Dimensions 19cm.
500 ## - GENERAL NOTE
General note Includes index.
650 ## - SUBJECT ADDED ENTRY--TOPICAL TERM
Topical term or geographic name as entry element Etiquette.
650 ## - SUBJECT ADDED ENTRY--TOPICAL TERM
Topical term or geographic name as entry element Manners and customs.
700 ## - ADDED ENTRY--PERSONAL NAME
Personal name McCutcheon, Lauren.
700 ## - ADDED ENTRY--PERSONAL NAME
Personal name Title.

No items available.

The right way :

APA

McCutcheon L., McCutcheon L. & Title.The right way. Cincinnati, Ohio: .

Chicago

McCutcheon Lauren, McCutcheon Lauren and Title.The right way. Cincinnati, Ohio: .

Harvard

McCutcheon L., McCutcheon L. and Title.The right way. Cincinnati, Ohio: .

MLA

McCutcheon Lauren, McCutcheon Lauren and Title.Cincinnati, Ohio: . .

  • Print
  • Cite
  • Add to your cart (remove)
  • Save record
    BIBTEX Dublin Core MARCXML MARC (non-Unicode/MARC-8) MARC (Unicode/UTF-8) MARC (Unicode/UTF-8, Standard) MODS (XML) RIS
  • More searches
    Search for this title in:
    Other Libraries (WorldCat) Other Databases (Google Scholar) Online Stores (Bookfinder.com) Open Library (openlibrary.org)

Exporting to Dublin Core...

SOUTHVILLE LIBRARY

Southville International School and Colleges Library

1281 Tropical Ave. Cor. Luxembourg St., BF Homes International, Las Pinas City

Tel. No. 8256374 / 252358 Loc. 117/146

Powered by Koha